000 00576nam a22001817a 4500
999 _c187330
_d187330
005 20220412150422.0
010 _aENG-132290
020 _a9788192426532
_c595.00
035 _aEN-115822
037 _bDBAD/PUB
082 _a371.334
100 _aSingh, U.K
245 _aEducator in Computer Age/
_cU.K Singh
260 _aDelhi
_bGaurav Book Distributors
_c2019
270 _b Delhi
_aHouse no-45, Ground Floor, Shivaji Marg, Gali no-5, Kartar Nagar
_e110053
300 _avii,160p.
_c21.8cm(hbk)
_bIndex, Bibliography
942 _2ddc
_cEN
_mEDU
_h371.334